Tower Defense X (TDX) Bosses - Sudden Death - Statistics

General Stats
  • This quiz has been taken 462 times
  • The average score is 5 of 10
Answers on the Grid
Answers color-coded by a green-red scale on the quiz's grid according to % correct below.
Eradicator
Plague Doctor
Snow Predator
Golden Apex Predator
Eradicator MK III
Eradicator MK I Combat
Striker
Savager
Resurrected Plague Doctor
Enraged Engineer
Dr Xenon
Predator
Exo Santa
Super Revived John Toliet MK 19X
Calamity
Eliminator MK II
Juggernaut
The Void
 
Answer Stats
Answer % Correct
Calamity
53%
Plague Doctor
52%
Predator
51%
Exo Santa
48%
The Void
48%
Yes, he is real, he is an April Fools boss. Super Revived John Toliet MK 19X
47%
Eradicator
46%
Eradicator MK I Combat
44%
Snow Predator
42%
Striker
22%
No matching quizzes found
Score Distribution
Percent of People with Each Score
Percentile by Number Answered
Your Score History
You have not taken this quiz